Pays produisant le plus de pommes - Statistiques

Statistiques générales
  • Ce quiz a été pris 203 fois
  • Le résultat moyen est 14 sur 20
Statistiques - réponses
millions
de tonnes
pays % Correct
1,82 France
98%
4,65 Etats-Unis
96%
44,45 Chine
94%
2,46 Italie
92%
1,03 Allemagne
87%
1,05 Brésil
86%
0,77 Japon
85%
2,87 Inde
83%
0,72 Mexique
82%
1,84 Russie
80%
0,97 Argentine
78%
3,60 Pologne
69%
2,93 Turquie
67%
1,10 Ukraine
62%
1,76 Chili
61%
0,92 Afrique du Sud
53%
2,80 Iran
49%
0,73 Égypte
40%
0,78 Corée du Nord
16%
1,12 Ouzbékistan
9%
Aucun quiz correspondant
Distribution des résultats
% des personnes avec chaque résultat
Percentile par nombre de réponses
Votre historique - résultats
Vous n’avez pas pris ce quiz